| 000 | 00868nam a2200241 a 4500 | ||
|---|---|---|---|
| 001 | BRCA_2840 | ||
| 005 | 20190320204007.0 | ||
| 008 | 091208s1908----gw-a---###---#000-0#ger-# | ||
| 050 | 4 |
_aN410 _b.S3 1908 |
|
| 100 | 1 |
_aSchlosser, Julius Ritter von _97948 |
|
| 245 | 1 | 0 |
_aDie Kunst-und Wunderkammern der Spätrenaissance _bein beitrag zur geschichte des Sammelwesens _cvon Juluis von Scholosser. |
| 260 |
_aLepzig, Alemania _bKlinkhardt & Biermann _c1908 |
||
| 300 |
_a146 p. _bil. _c26 cm. |
||
| 500 | _aAA27 | ||
| 600 | 1 | 4 |
_aFerdinand, archiduque de Austria _d1529-1595 _97949 |
| 610 | 2 | 4 |
_aKunsthistorisches museum (Viena) _bAmbraser sammlung _97950 |
| 650 | 1 | 4 |
_aColeccionistas y colecciones _97951 |
| 650 | 1 | 4 |
_aGalerías y museos _zAustria _97952 |
| 650 | 1 | 4 |
_aArte _xColecciones particulares _97906 |
| 650 | 1 | 4 |
_aArte _zEuropa _97953 |
| 902 | _aGFM | ||
| 942 |
_2lcc _cB |
||
| 999 |
_c2579 _d2579 |
||